Mistrzowie Polski w piłce nożnej - Statystyki

Ogólne statystyki
  • Ten quiz został rozwiązany 22 303 razy
    4 180 od ostatniego zresetowania
  • Średni wynik to 83 z 98
Statystyki odpowiedzi
Rok Zwycięzca % Poprawnych
1955 Legia Warszawa
100%
1956 Legia Warszawa
100%
1969 Legia Warszawa
100%
1970 Legia Warszawa
100%
1994 Legia Warszawa
100%
1995 Legia Warszawa
100%
2002 Legia Warszawa
100%
2006 Legia Warszawa
100%
2013 Legia Warszawa
100%
2014 Legia Warszawa
100%
2016 Legia Warszawa
100%
2017 Legia Warszawa
100%
2018 Legia Warszawa
100%
2020 Legia Warszawa
100%
2021 Legia Warszawa
100%
1983 Lech Poznań
99%
1984 Lech Poznań
99%
1990 Lech Poznań
99%
1992 Lech Poznań
99%
1993 Lech Poznań
99%
2010 Lech Poznań
99%
2015 Lech Poznań
99%
2022 Lech Poznań
99%
2025 Lech Poznań
99%
2026 Lech Poznań
99%
1927 Wisła Kraków
94%
1928 Wisła Kraków
94%
1949 Wisła Kraków
94%
1950 Wisła Kraków
94%
1978 Wisła Kraków
94%
1999 Wisła Kraków
94%
2001 Wisła Kraków
94%
2003 Wisła Kraków
94%
2004 Wisła Kraków
94%
2005 Wisła Kraków
94%
2008 Wisła Kraków
94%
2009 Wisła Kraków
94%
2011 Wisła Kraków
94%
2024 Jagiellonia Białystok
91%
2023 Raków Częstochowa
90%
1957 Górnik Zabrze
88%
1959 Górnik Zabrze
88%
1961 Górnik Zabrze
88%
1963 Górnik Zabrze
88%
1964 Górnik Zabrze
88%
1965 Górnik Zabrze
88%
1966 Górnik Zabrze
88%
1967 Górnik Zabrze
88%
1971 Górnik Zabrze
88%
1972 Górnik Zabrze
88%
1985 Górnik Zabrze
88%
1986 Górnik Zabrze
88%
1987 Górnik Zabrze
88%
1988 Górnik Zabrze
88%
1921 Cracovia
87%
1930 Cracovia
87%
1932 Cracovia
87%
1937 Cracovia
87%
1948 Cracovia
87%
1977 Śląsk Wrocław
83%
2012 Śląsk Wrocław
83%
1946 Polonia Warszawa
82%
2000 Polonia Warszawa
82%
1933 Ruch Chorzów
82%
1934 Ruch Chorzów
82%
1935 Ruch Chorzów
82%
1936 Ruch Chorzów
82%
1938 Ruch Chorzów
82%
1951 Ruch Chorzów
82%
1952 Ruch Chorzów
82%
1953 Ruch Chorzów
82%
1960 Ruch Chorzów
82%
1968 Ruch Chorzów
82%
1974 Ruch Chorzów
82%
1975 Ruch Chorzów
82%
1979 Ruch Chorzów
82%
1989 Ruch Chorzów
82%
1981 Widzew Łódź
82%
1982 Widzew Łódź
82%
1996 Widzew Łódź
82%
1997 Widzew Łódź
82%
2019 Piast Gliwice
78%
1958 ŁKS
77%
1998 ŁKS
77%
1991 Zagłębie Lubin
69%
2007 Zagłębie Lubin
69%
1922 Pogoń Lwów
58%
1923 Pogoń Lwów
58%
1925 Pogoń Lwów
58%
1926 Pogoń Lwów
58%
1954 Polonia Bytom
54%
1962 Polonia Bytom
54%
1929 Warta Poznań
54%
1947 Warta Poznań
54%
1973 Stal Mielec
46%
1976 Stal Mielec
46%
1980 Szombierki Bytom
39%
1931 Garbarnia Kraków
37%
Nie znaleziono quizów pasujących do podanych kryteriów
Rozkład punktacji
Procent ludzi z każdym wynikiem
Percentyl według liczby udzielonych odpowiedzi
Twoja historia wyników
Nie rozwiązałeś tego quizu od ostatniego zresetowania